[Event "GER-chT Betriebe"]
[Site "Berlin"]
[Date "2006.10.07"]
[Round "5.2"]
[White "Luecke, Hans"]
[Black "Zunic, Josef"]
[Result "1-0"]
[WhiteElo "1663"]
[BlackElo "1848"]
[PlyCount "87"]
[EventDate "2006.10.05"]
[EventType "team-tourn"]
[EventRounds "7"]
[EventCountry "GER"]
[SourceTitle "EXT 2020"]
[Source "ChessBase"]
[SourceDate "2019.10.17"]
[SourceVersion "1"]
[SourceVersionDate "2019.10.17"]
[SourceQuality "1"]
[WhiteTeam "Berlin Volksbank"]
[BlackTeam "Augsburg Osram"]
[WhiteTeamCountry "GER"]
[BlackTeamCountry "GER"]

1. d4 d6 2. c4 g6 3. Nc3 Bg7 4. g3 Nf6 5. Bg2 0-0 6. Nf3 c6 7. 0-0 Ng4 8. h3 Nf6 9. e4 Bd7 10. Bg5 Ne8 11. Qd2 f6 12. Bh6 Qc8 13. Bxg7 Kxg7 14. Kh2 c5 15. d5 Nc7 16. Ng1 b5 17. b3 a5 18. f4 Be8 19. e5 a4 20. bxa4 bxc4 21. exd6 exd6 22. Qe2 Qd8 23. Qxc4 Nd7 24. Rab1 Na6 25. Rb7 Rf7 26. Rfb1 Qc8 27. Ne4 Qd8 28. Nxd6 Qe7 29. Nxf7 Bxf7 30. Qb5 Nab8 31. Rd1 Qd6 32. Ne2 Be8 33. Nc3 Kh6 34. Qe2 Bf7 35. Nb5 Qa6 36. d6 Qxa4 37. Rxd7 Nxd7 38. Bxa8 Qxa8 39. Rd2 Qa5 40. Rc2 Qa4 41. Nc3 Qc6 42. Qe7 Bc4 43. Ne4 Bd3 44. Nxf6 1-0

[Event "GER-chT Betriebe"]
[Site "Berlin"]
[Date "2006.10.05"]
[Round "2.3"]
[White "Luecke, Hans"]
[Black "Mueller, Mark Finn"]
[Result "1/2-1/2"]
[WhiteElo "1663"]
[BlackElo "2076"]
[PlyCount "92"]
[EventDate "2006.10.05"]
[EventType "team-tourn"]
[EventRounds "7"]
[EventCountry "GER"]
[SourceTitle "EXT 2007"]
[Source "ChessBase"]
[SourceDate "2006.11.23"]
[SourceVersion "1"]
[SourceVersionDate "2006.11.23"]
[SourceQuality "1"]
[WhiteTeam "Berlin Volksbank"]
[BlackTeam "BA Tempelhof"]
[WhiteTeamCountry "GER"]
[BlackTeamCountry "GER"]

1. d4 Nf6 2. c4 g6 3. Nc3 Bg7 4. Bg5 h6 5. Bxf6 Bxf6 6. Nf3 0-0 7. e3 d6 8. Be2 Nc6 9. 0-0 e5 10. Rc1 Bd7 11. a3 a5 12. Qd2 Kh7 13. dxe5 Nxe5 14. Nxe5 Bxe5 15. f4 Bg7 16. Bf3 Qb8 17. Rcd1 Be6 18. Bd5 Bg4 19. Bf3 Be6 20. Bd5 Qc8 21. h3 h5 22. Rf3 c6 23. Bxe6 Qxe6 24. b3 Rad8 25. Ne2 a4 26. Qc2 axb3 27. Qxb3 b5 28. Rc1 Ra8 29. f5 bxc4 30. Qxc4 gxf5 31. Qd3 Qd5 32. Qxd5 cxd5 33. Rxf5 Kg6 34. Rxd5 Be5 35. Nf4+ Kf5 36. Nxh5 Ke4 37. Rb5 Rxa3 38. Re1 Rxe3 39. Rb4+ Bd4 40. Ng3+ Ke5 41. Rxe3+ Bxe3+ 42. Kf1 d5 43. Ke2 Bc5 44. Rb5 Kd4 45. Rb7 Re8+ 46. Kd1 Rg8 1/2-1/2